000 00410nam a22001697a 4500
003 LK-CoMWRAF
005 20230916000608.0
008 230916b |||||||| |||| 00| 0 eng d
040 _aLK-CoMWRAF
_dLK-CoMWRAF
_eLK-CoMWRAF
041 _aeng
082 _a297.92
_bAHM
100 _aAhmad, Fazl
245 _aThe Life of Muhammad
300 _aDelhi :
_bKutub khana,
650 _aLife-Muhammad
942 _cBK
999 _c3572
_d3572